| 000 | 00688nam a2200169 i 4500 | ||
|---|---|---|---|
| 001 | 184449 | ||
| 003 | ES-MaACL | ||
| 005 | 20250801161305.0 | ||
| 008 | 150831s1905 sp |||| | spa d | ||
| 245 | 0 | 0 |
_aDiscursos selectos. _nTomo I. |
| 260 |
_aMadrid : _bPerlado, Páez y Compañía, _c1905 ( _fImp. de los Sucesores de Hernando) |
||
| 300 |
_a223 p. ; _c14 cm. |
||
| 490 | 1 |
_aBiblioteca Universal : colección de los mejores autores antiguos y modernos, nacionales y extranjeros ; _v152 |
|
| 830 | 0 | 0 |
_aBiblioteca universal. _pColección de los mejores autores antiguos y modernos, nacionales y extranjeros _v152 _9188447 |
| 852 |
_aES-MaACL _jG-11156 |
||
| 999 |
_c184449 _d184449 |
||